| 000 | 00948nam a2200241 i 4500 | ||
|---|---|---|---|
| 001 | 142272 | ||
| 003 | ES-MaACL | ||
| 005 | 20250809030226.0 | ||
| 007 | t| | ||
| 008 | 071004s1983 sp |||| | spa d | ||
| 100 | 1 |
_aVilla Gil, Luis Enrique de la, _d1935- _9114883 |
|
| 245 | 1 | 0 |
_aInstituciones de derecho del trabajo _b: ordenamiento y defensa de los derechos laborales / _cLuis Enrique de la Villa Gil, Gabriel García Becedas, Ignacio García Perrote Escartín. |
| 250 | _a1ª ed. | ||
| 260 |
_aMadrid : _bCentro de Estudios Universitarios Ramón Areces, _c1983. |
||
| 300 |
_aX, 558 p. ; _c25 cm. |
||
| 504 | _aBibliografía: p. [557]-558. | ||
| 650 | 0 | 4 |
_aDerecho laboral- _zEspaña _911726 |
| 700 | 1 |
_aGarcía Becedas, Gabriel. _954245 |
|
| 700 | 1 |
_aGarcía-Perrote Escartín, Ignacio. _955115 |
|
| 710 | 2 |
_aCentro de Estudios Universitarios Ramón Areces. _92681 |
|
| 852 |
_aES-MaACL _jL-11792 |
||
| 999 |
_c142272 _d142272 |
||